000 003800000a22001330004500
090 _aAR
_b04241
245 1 0 _aNotas escarabeidologicas I
500 _a<Literatura de escarabajos coprófagos>
041 0 _aEspañol
700 1 _aMartínez, Antonio
_995967
100 1 _aPereira, Francisco
_998122
942 _cARTICULO
773 1 _tActa Biológica Venezuelica
_h33
_q453-465
_d1959
_g2
999 _c13338
_d13338